Musique - One Hit Wonders #3 (Succès sans lendemain) - Statistiques

Statistiques générales
  • Ce quiz a été pris 37 fois
  • Le résultat moyen est 6 sur 20
Statistiques - réponses
Single Année Artiste/Groupe % Correct
Ça m'énerve 2009 Helmut Fritz
88%
Tomber la chemise 1998 Zebda
79%
Cheerleader 2014 OMI
73%
Let Her Go 2012 Passenger
70%
Nuits de folie 2003 Début de soirée
55%
L'envie d'aimer 2000 Daniel Levi
52%
Ghostbusters 1984 Ray Parker, Jr.
39%
Sarà perché ti amo 1981 Ricchi e Poveri
33%
J'aime la vie 1986 Sandra Kim
24%
Toi et moi 2010 Guillaume Grand
21%
Kung Fu Fighting 1974 Carl Douglas
15%
Last Night A DJ Saved My Life 1982 Indeep
15%
My Sharona 1979 The Knack
15%
Black Velvet 1989 Alannah Myles
12%
A Whiter Shade of Pale 1967 Procol Harum
12%
Jump Around 1992 House of Pain
9%
Young Folks 2006 Peter Bjorn and John
9%
Tubthumper 1997 Chumbawamba
3%
Breakfast at Tiffany's 1994 Deep Blue Something
3%
Stop the Cavalry 1993 Jona Lewie
3%
Aucun quiz correspondant
Distribution des résultats
% des personnes avec chaque résultat
Percentile par nombre de réponses
Votre historique - résultats
Vous n’avez pas pris ce quiz